[Event "4NCL Division 3 North"]
[Site "Bolton, ENG"]
[Date "2018.02.11"]
[Round "6.11"]
[White "Richardson, Alex"]
[Black "Thorarinsson, Pall A"]
[Result "1/2-1/2"]
[WhiteElo "2155"]
[BlackElo "2287"]
[PlyCount "63"]
[EventDate "2018.02.11"]
[WhiteTeam "Cheddleton 2"]
[BlackTeam "Gonzaga"]

1. d4 d6 2. c4 e5 3. d5 f5 4. e4 fxe4 5. Nc3 Nf6 6. Nge2 Nbd7 7. Ng3 Be7 8. Be2
O-O 9. Be3 a6 10. O-O Kh8 11. b4 Qe8 12. Rc1 Qg6 13. h3 h6 14. Kh2 b6 15. Qc2
a5 16. a3 axb4 17. axb4 Bb7 18. f3 Ra3 19. fxe4 Rfa8 20. Qb2 Qe8 21. Nf5 Bf8
22. Ra1 Rxa1 23. Rxa1 Rxa1 24. Qxa1 Qb8 25. g4 c6 26. h4 Nxe4 27. Nxe4 cxd5 28.
cxd5 Bxd5 29. Nc3 Be6 30. Ng3 d5 31. Nb5 Bxb4 32. g5 1/2-1/2

[Event "4NCL Division 3 North"]
[Site "Bolton, ENG"]
[Date "2018.02.11"]
[Round "6.12"]
[White "Murray, David"]
[Black "Boswell, Jacob Connor"]
[Result "1/2-1/2"]
[WhiteElo "2150"]
[BlackElo "2072"]
[Annotator "Barnes,Lara"]
[PlyCount "45"]
[EventDate "2018.02.11"]
[WhiteTeam "Gonzaga"]
[BlackTeam "Cheddleton 2"]

1. Nf3 d5 2. d4 Nf6 3. g3 Bf5 4. Bg2 e6 5. O-O Be7 6. c4 c6 7. Nc3 O-O 8. Qb3
Qb6 9. Na4 Qxb3 10. axb3 Bc2 11. Nb6 Nbd7 12. Nxa8 Rxa8 13. cxd5 Nxd5 14. Bg5
f6 15. Bh3 Kf7 16. Bd2 Bxb3 17. Rfc1 N5b6 18. Ba5 Bc4 19. Kf1 Bb5 20. Nd2 a6
21. Ne4 Nc4 22. Bc3 Nce5 (22... f5 23. Nd2 Nxd2+ 24. Bxd2 Bf6 25. Bc3 Nb6 26.
Ke1 g5 27. e3 h5 28. e4 Bd3 29. Ba5 Nc4 30. e5 Be7 31. Bc3 Be4 32. Ke2 g4 33.
Bf1 Bg5 34. b3 Bxc1 35. Rxc1 Nb6 36. Bb4 Nd5 37. Bd6 Ke8 38. h3 Kd7 39. Kd2 b5
40. Ra1 a5 41. h4 a4 42. bxa4 Rxa4 43. Rxa4 bxa4 44. Bc4 Nb6 45. Kc3 Bd5 46.
Bf1 Bb3 47. Bg2 Nc4 48. Bc5 Na5 49. Bb4 Nb7 50. Ba3 Bd1 51. Kb4 Kc7 52. Kc3 Kb6
53. Be7 Be2 54. Kb4 a3 55. Kxa3 Kb5 56. Kb3 Na5+ 57. Kc3 Nc4 58. Bf8 Nb6) 23.
Bf5 1/2-1/2

[Event "4NCL Division 3 North"]
[Site "Bolton, ENG"]
[Date "2018.02.11"]
[Round "6.13"]
[White "Acey, Gerald"]
[Black "Jackson, Carl"]
[Result "1/2-1/2"]
[WhiteElo "2127"]
[BlackElo "2154"]
[PlyCount "76"]
[EventDate "2018.02.11"]
[WhiteTeam "Cheddleton 2"]
[BlackTeam "Gonzaga"]

1. c4 e5 2. Nc3 Bb4 3. g3 Nc6 4. Bg2 Bxc3 5. bxc3 f5 6. d3 Nf6 7. Nf3 O-O 8.
O-O d6 9. Ne1 Be6 10. Nc2 a5 11. Bg5 Qe8 12. Rb1 b6 13. Ne3 Nh5 14. Nd5 Rc8 15.
Bc1 f4 16. e3 fxg3 17. hxg3 Qg6 18. Rb2 Rf7 19. e4 Rcf8 20. Ne3 Nf6 21. Nf5 Ne7
22. Nh4 Qh5 23. Qxh5 Nxh5 24. Kh2 h6 25. Bh3 Bxh3 26. Kxh3 g5 27. Ng2 Ng6 28.
Be3 Rf3 29. Rd1 Ngf4+ 30. Kh2 Nxg2 31. Kxg2 Nxg3 32. Bxb6 cxb6 33. fxg3 R8f6
34. Rdd2 Re3 35. Rxb6 Rff3 36. Rxd6 Rxg3+ 37. Kf2 Rgf3+ 38. Kg2 Rg3+ 1/2-1/2

[Event "4NCL Division 3 North"]
[Site "Bolton, ENG"]
[Date "2018.02.11"]
[Round "6.14"]
[White "Delaney, Killian"]
[Black "Haslinger, Gareth J"]
[Result "1-0"]
[WhiteElo "2193"]
[BlackElo "2058"]
[PlyCount "69"]
[EventDate "2018.02.11"]
[WhiteTeam "Gonzaga"]
[BlackTeam "Cheddleton 2"]

1. e4 d5 2. exd5 Qxd5 3. Nc3 Qa5 4. d4 Nf6 5. Bc4 Bg4 6. Nge2 Nbd7 7. Bd2 Qb6
8. O-O e6 9. Be3 O-O-O 10. a4 a5 11. h3 Bh5 12. Qc1 Bxe2 13. Bxe2 Nd5 14. Nxd5
exd5 15. c4 Nf6 16. c5 Qb4 17. Rd1 h5 18. Qc2 b6 19. Rd3 bxc5 20. Rb3 c4 21.
Rxb4 Bxb4 22. b3 c3 23. Bf4 Ne4 24. Bb5 g5 25. Be3 Kb7 26. f3 Nd6 27. Bxg5 Rdg8
28. Bf4 Nxb5 29. axb5 Rd8 30. Qd3 Rhe8 31. Rc1 Rd7 32. Rxc3 Re1+ 33. Kh2 Rde7
34. Qc2 Kb6 35. Rxc7 1-0

[Event "4NCL Division 3 North"]
[Site "Bolton, ENG"]
[Date "2018.02.11"]
[Round "6.16"]
[White "Freeman, Gordon"]
[Black "Floresc, Petru"]
[Result "1-0"]
[WhiteElo "2152"]
[BlackElo "1803"]
[PlyCount "49"]
[EventDate "2018.02.11"]
[WhiteTeam "Gonzaga"]
[BlackTeam "Cheddleton 2"]

1. d4 c5 2. d5 f5 3. g4 fxg4 4. e4 d6 5. h3 Nf6 6. Nc3 Qa5 7. Bd2 Qb4 8. a3 Qb6
9. hxg4 Bxg4 10. Be2 Bd7 11. f4 e5 12. fxe5 dxe5 13. Bh5+ Kd8 14. Nf3 Bd6 15.
Ng5 Rf8 16. Nf7+ Kc7 17. Nxd6 Kxd6 18. Qe2 Qa6 19. Qg2 Nxh5 20. Rxh5 Bg4 21.
Rxh7 Rf7 22. Bh6 Rf1+ 23. Qxf1 Qxf1+ 24. Kxf1 gxh6 25. Nb5# 1-0

[Event "4NCL Division 3 North"]
[Site "Bolton, ENG"]
[Date "2018.02.11"]
[Round "6.21"]
[White "Hall, John"]
[Black "Clarke, Stuart W"]
[Result "0-1"]
[WhiteElo "2058"]
[BlackElo "2233"]
[PlyCount "64"]
[EventDate "2018.02.11"]
[WhiteTeam "Spirit of Atticus B"]
[BlackTeam "3Cs 2"]

1. e4 e6 2. d4 d5 3. Nc3 Bb4 4. Nge2 dxe4 5. a3 Bxc3+ 6. Nxc3 Nc6 7. Bb5 Nge7
8. Nxe4 Qd5 9. Qe2 f5 10. Ng3 Bd7 11. c3 O-O-O 12. Bg5 Rde8 13. f3 Ng6 14.
O-O-O f4 15. Ne4 h6 16. c4 Qf5 17. d5 Nb8 18. Bxd7+ Nxd7 19. Bh4 Nxh4 20. Qf2
Nb6 21. Qxh4 Nxc4 22. Qf2 Qe5 23. Rd4 Ne3 24. Qd2 exd5 25. Nc5 b6 26. Nb3 c5
27. Ra4 Nc4 28. Qf2 Kb8 29. Rd1 Qe3+ 30. Qxe3 fxe3 31. Re1 Kb7 32. Kc2 a5 0-1

[Event "4NCL Division 3 North"]
[Site "Bolton, ENG"]
[Date "2018.02.11"]
[Round "6.22"]
[White "Reeve, Andy K"]
[Black "Bimpson, Tom"]
[Result "1-0"]
[WhiteElo "2200"]
[BlackElo "2016"]
[Annotator "Barnes,Lara"]
[PlyCount "39"]
[EventDate "2018.02.11"]
[WhiteTeam "3Cs 2"]
[BlackTeam "Spirit of Atticus B"]

1. c4 d6 2. g3 e5 3. Nc3 f5 4. Bg2 Nf6 5. Nf3 Be7 6. d3 O-O 7. O-O Kh8 8. b4 c6
9. b5 Qe8 10. bxc6 Nxc6 11. Rb1 Qh5 12. e3 f4 13. Nd5 Nxd5 14. cxd5 Nd8 15. e4
Bg4 16. h3 Bxh3 17. Nh4 Qxd1 18. Rxd1 Bg4 19. Bf3 Bxf3 20. Nxf3 {scoresheet
unreadable} 1-0

[Event "4NCL Division 3 North"]
[Site "Bolton, ENG"]
[Date "2018.02.11"]
[Round "6.23"]
[White "Buckley, Colm"]
[Black "Adams, Philip"]
[Result "1/2-1/2"]
[WhiteElo "1944"]
[BlackElo "2147"]
[PlyCount "50"]
[EventDate "2018.02.11"]
[WhiteTeam "Spirit of Atticus B"]
[BlackTeam "3Cs 2"]

1. d4 Nf6 2. c4 e6 3. Nf3 c5 4. Nc3 cxd4 5. Nxd4 a6 6. e3 Qc7 7. Be2 Be7 8. O-O
O-O 9. b3 d5 10. Bb2 dxc4 11. bxc4 Rd8 12. Qc2 Bd7 13. Rac1 Nc6 14. Rfd1 Rac8
15. Nb3 Ne5 16. Ne4 Nxe4 17. Qxe4 Bf6 18. c5 Nf3+ 19. Bxf3 Bxb2 20. Rc2 Bc6 21.
Rxd8+ Rxd8 22. Qc4 Be5 23. h3 Bxf3 24. gxf3 Rd1+ 25. Kg2 g6 1/2-1/2

[Event "4NCL Division 3 North"]
[Site "Bolton, ENG"]
[Date "2018.02.11"]
[Round "6.24"]
[White "McLean, Robert"]
[Black "Johnson, Michael D"]
[Result "1-0"]
[WhiteElo "2050"]
[BlackElo "1994"]
[PlyCount "57"]
[EventDate "2018.02.11"]
[WhiteTeam "3Cs 2"]
[BlackTeam "Spirit of Atticus B"]

1. e4 e6 2. d4 d5 3. Nc3 Bb4 4. e5 c5 5. a3 Bxc3+ 6. bxc3 Qa5 7. Bd2 Qa4 8. Qg4
g6 9. Nf3 Nc6 10. h4 h5 11. Qf4 c4 12. Ng5 Nd8 13. Be2 Bd7 14. g4 hxg4 15. Bxg4
Qxc2 16. h5 Ba4 17. Rc1 Qb2 18. Ke2 gxh5 19. Bxh5 Rxh5 20. Rxh5 Ne7 21. Rh8+
Kd7 22. Qf6 Bc2 23. Nxf7 Bd3+ 24. Ke1 Rb8 25. Rxd8+ Rxd8 26. Nxd8 Kxd8 27. Qxe6
Qxa3 28. Bg5 Be4 29. Qd6+ 1-0

[Event "4NCL Division 3 North"]
[Site "Bolton, ENG"]
[Date "2018.02.11"]
[Round "6.25"]
[White "Cooper, John G"]
[Black "Tebelev, Michael"]
[Result "1/2-1/2"]
[WhiteElo "1935"]
[BlackElo "1855"]
[PlyCount "66"]
[EventDate "2018.02.11"]
[WhiteTeam "Spirit of Atticus B"]
[BlackTeam "3Cs 2"]

1. e4 e6 2. d4 d5 3. e5 c5 4. c3 Nc6 5. Nf3 Bd7 6. Be2 Qc7 7. Na3 a6 8. O-O
Nge7 9. Nc2 Ng6 10. h4 Be7 11. g3 f6 12. h5 Nf8 13. exf6 gxf6 14. Bf4 Bd6 15.
Bxd6 Qxd6 16. c4 dxc4 17. Bxc4 b5 18. Be2 O-O-O 19. a4 c4 20. axb5 axb5 21.
Ra8+ Nb8 22. Qa1 Bc6 23. Ra7 Rd7 24. Rxd7 Nfxd7 25. Qa5 Qc7 26. Qb4 Nb6 27. Ra1
Nd5 28. Qd2 Rg8 29. Kh2 Nd7 30. Qh6 N7b6 31. Qd2 Na4 32. Nb4 Qd6 33. Nxc6 Qxc6
1/2-1/2

[Event "4NCL Division 3 North"]
[Site "Bolton, ENG"]
[Date "2018.02.11"]
[Round "6.26"]
[White "Sheppard, Daniel C"]
[Black "Mort, Andrew J"]
[Result "1/2-1/2"]
[WhiteElo "1915"]
[BlackElo "1877"]
[PlyCount "62"]
[EventDate "2018.02.11"]
[WhiteTeam "3Cs 2"]
[BlackTeam "Spirit of Atticus B"]

1. e4 c5 2. c3 d5 3. exd5 Qxd5 4. d4 Nf6 5. Nf3 Bg4 6. Be2 e6 7. O-O Be7 8. a3
Nc6 9. h3 Bh5 10. c4 Qd7 11. dxc5 Qxd1 12. Rxd1 Bxc5 13. b4 Be7 14. Nc3 O-O 15.
Bf4 Rfd8 16. Rac1 Rxd1+ 17. Rxd1 Rd8 18. Rxd8+ Nxd8 19. c5 Nd5 20. Nxd5 exd5
21. g4 Bg6 22. Ne5 Bc2 23. Bf3 Bb3 24. Nd3 Bf6 25. Bd6 Nc6 26. Nf4 Bb2 27. Bxd5
Bxd5 28. Nxd5 Bxa3 29. b5 Nd4 30. b6 axb6 31. Nxb6 Nc6 1/2-1/2

[Event "4NCL Division 3 North"]
[Site "Bolton, ENG"]
[Date "2018.02.11"]
[Round "6.31"]
[White "Page, Mark E"]
[Black "Watson, Phil R"]
[Result "1-0"]
[WhiteElo "2140"]
[BlackElo "2156"]
[PlyCount "77"]
[EventDate "2018.02.11"]
[WhiteTeam "Warwickshire Select 2"]
[BlackTeam "Bradford DCA Knights A"]

1. e4 c6 2. Nf3 d5 3. exd5 cxd5 4. Ne5 Nc6 5. Bb5 Qd6 6. d4 a6 7. Bxc6+ bxc6 8.
O-O Bf5 9. Nc3 f6 10. Nd3 g5 11. Re1 h5 12. a4 Bh6 13. b3 g4 14. Ba3 Qb8 15. a5
Bg5 16. Qe2 Ra7 17. Bc5 h4 18. Nb4 Rd7 19. Nxc6 Qc7 20. Qxa6 g3 21. Qb6 gxf2+
22. Kxf2 Qxh2 23. Qb8+ Qxb8 24. Nxb8 Rb7 25. a6 Rxb8 26. a7 Ra8 27. Nxd5 Kf7
28. Nb6 Nh6 29. Rxe7+ Kg6 30. Nxa8 Rxa8 31. b4 Ng4+ 32. Ke2 Bxc2 33. b5 f5 34.
b6 Bxe7 35. b7 Be4 36. b8=Q Bxc5 37. dxc5 Bxg2 38. c6 Bxc6 39. Ra6 1-0

[Event "4NCL Division 3 North"]
[Site "Bolton, ENG"]
[Date "2018.02.11"]
[Round "6.32"]
[White "Allis, Richard"]
[Black "Paterson, Andrew I"]
[Result "1/2-1/2"]
[WhiteElo "2059"]
[BlackElo "2065"]
[PlyCount "190"]
[EventDate "2018.02.11"]
[WhiteTeam "Bradford DCA Knights A"]
[BlackTeam "Warwickshire Select 2"]

1. d4 f5 2. e4 fxe4 3. Nc3 Nf6 4. Bg5 d5 5. Bxf6 exf6 6. Qh5+ g6 7. Qxd5 Bb4 8.
Qxe4+ Kf7 9. Bc4+ Kg7 10. O-O-O Bxc3 11. bxc3 Re8 12. Qh4 Qd6 13. Qg3 Qa3+ 14.
Kd2 Nc6 15. Ne2 Be6 16. Bb3 Rad8 17. Rb1 Rd7 18. Nf4 Bxb3 19. axb3 Qa5 20. b4
Qb5 21. Qd3 Qg5 22. g3 Ne5 23. Qe2 Ree7 24. Kc1 Nf7 25. Qd3 Ne5 26. Qf1 Nf3 27.
Qc4 Qf5 28. Qd3 Qxd3 29. cxd3 g5 30. Ng2 Re2 31. Rb2 Rde7 32. Ne3 Rxb2 33. Kxb2
Kg6 34. g4 h5 35. h3 Rh7 36. Rf1 hxg4 37. hxg4 Rh2 38. Kc1 Nh4 39. Kd2 f5 40.
gxf5+ Nxf5 41. Nxf5 Kxf5 42. Ke3 a6 43. Ra1 Rh3+ 44. Ke2 Kf4 45. Ra5 g4 46. Rc5
Rh7 47. Re5 Rd7 48. Re8 c6 49. Re4+ Kf5 50. c4 Rh7 51. Re8 Kf4 52. Rf8+ Kg5 53.
Ke3 Rd7 54. Rg8+ Kf5 55. Re8 Rf7 56. Re5+ Kg6 57. d5 Rf3+ 58. Ke2 Kf6 59. Re6+
Kf5 60. Re8 cxd5 61. cxd5 Rh3 62. d6 Rh7 63. Re7 Rh6 64. Rf7+ Ke5 65. Re7+ Kxd6
66. Rxb7 Re6+ 67. Kd2 Ke5 68. Rf7 Rb6 69. Re7+ Kd5 70. Re4 Rg6 71. Kc3 g3 72.
fxg3 Rxg3 73. Rd4+ Kc6 74. Rc4+ Kd6 75. Rc8 Rg6 76. Kc4 Rh6 77. d4 Rg6 78. Ra8
Kc7 79. d5 Kb7 80. Re8 Rg1 81. Re7+ Kb6 82. Re6+ Kb7 83. Re4 Kc7 84. Kc5 Rc1+
85. Rc4 Rd1 86. Re4 Rc1+ 87. Kd4 Rh1 88. Re7+ Kb6 89. Re6+ Kb5 90. Ke5 Rh4 91.
Re7 Kxb4 92. d6 Rh1 93. Rb7+ Kc5 94. Rc7+ Kb6 95. Rc8 Rh5+ 1/2-1/2

[Event "4NCL Division 3 North"]
[Site "Bolton, ENG"]
[Date "2018.02.11"]
[Round "6.33"]
[White "Cundy, Mark A"]
[Black "Bak, Christopher"]
[Result "0-1"]
[WhiteElo "1955"]
[BlackElo "2024"]
[PlyCount "72"]
[EventDate "2018.02.11"]
[WhiteTeam "Warwickshire Select 2"]
[BlackTeam "Bradford DCA Knights A"]

1. e4 e5 2. f4 d5 3. exd5 exf4 4. Nf3 Nf6 5. Bb5+ c6 6. dxc6 Nxc6 7. d4 Bd6 8.
O-O O-O 9. c3 Nd5 10. Re1 Qb6 11. Bd3 h6 12. Nbd2 Ne3 13. Qe2 Ne7 14. Ne4 N7f5
15. Nxd6 Qxd6 16. Ne5 g5 17. Nc4 Nxc4 18. Bxc4 Bd7 19. Bd2 Rae8 20. Qf2 Qc6 21.
Bd3 Be6 22. Be4 Qd7 23. b3 b5 24. Re2 Nd6 25. Bd3 Bf5 26. Bxf5 Qxf5 27. Rae1
Ne4 28. Qf1 Qd5 29. Bc1 Re6 30. Qf3 Rfe8 31. Kf1 Nxc3 32. Qxc3 Rxe2 33. Rxe2
Rxe2 34. Kxe2 Qxg2+ 35. Kd1 f3 36. d5 Qe2# 0-1

[Event "4NCL Division 3 North"]
[Site "Bolton, ENG"]
[Date "2018.02.11"]
[Round "6.34"]
[White "Jennings, Roger W"]
[Black "Ingram, Keith R"]
[Result "1/2-1/2"]
[WhiteElo "2015"]
[BlackElo "1944"]
[PlyCount "68"]
[EventDate "2018.02.11"]
[WhiteTeam "Bradford DCA Knights A"]
[BlackTeam "Warwickshire Select 2"]

1. g3 d5 2. Bg2 Nf6 3. Nf3 Nbd7 4. O-O e5 5. d3 c6 6. Nc3 Bd6 7. e4 d4 8. Ne2
Nb6 9. Nh4 h6 10. Bd2 O-O 11. c3 c5 12. cxd4 cxd4 13. Rc1 Be6 14. Nf5 Bxf5 15.
exf5 Qd7 16. f4 exf4 17. Nxf4 Rac8 18. Nh5 Be7 19. Nxf6+ Bxf6 20. Qf3 Na4 21.
Qxb7 Qxb7 22. Bxb7 Rb8 23. Bc6 Rxb2 24. Bxa4 Rxd2 25. Bb5 Rxa2 26. Ra1 Rb2 27.
Bc4 Rb7 28. Ra6 Re8 29. Rfa1 Ree7 30. Bd5 Rbc7 31. Bc4 Kh7 32. Kf2 Rb7 33. R1a2
Red7 34. Rc6 Re7 1/2-1/2

[Event "4NCL Division 3 North"]
[Site "Bolton, ENG"]
[Date "2018.02.11"]
[Round "6.35"]
[White "Bowcott-Terry, Finlay"]
[Black "Nicholson, Jim W R"]
[Result "0-1"]
[WhiteElo "1825"]
[BlackElo "1984"]
[PlyCount "148"]
[EventDate "2018.02.11"]
[WhiteTeam "Warwickshire Select 2"]
[BlackTeam "Bradford DCA Knights A"]

1. e4 c6 2. d4 d5 3. exd5 cxd5 4. Nf3 Nc6 5. c3 Qc7 6. Bd3 Bg4 7. O-O e6 8. h3
Bh5 9. Re1 Nf6 10. Bg5 Be7 11. Bxf6 Bxf6 12. Nbd2 Bg6 13. Qc2 O-O 14. Bxg6 hxg6
15. Nb3 b6 16. Qd2 Rac8 17. Nh2 Be7 18. Ng4 Bd6 19. Nc1 Na5 20. Nd3 Nc4 21. Qe2
Rfd8 22. Nde5 Nxe5 23. Nxe5 Bxe5 24. Qxe5 b5 25. Qxc7 Rxc7 26. a3 a5 27. Rac1
Rdc8 28. Kf1 b4 29. axb4 axb4 30. Re3 Rc4 31. Rd3 Kf8 32. Ke2 Ke7 33. Kd2 bxc3+
34. bxc3 Ra4 35. Rf3 Rb8 36. Rc2 Rb7 37. Kd3 Kd6 38. Re3 Rb1 39. f4 Rf1 40. g3
Rh1 41. h4 Raa1 42. Rd2 Rag1 43. Ra2 Ke7 44. Ra7+ Kf6 45. Ke2 Re1+ 46. Kd2 Rb1
47. Ke2 Rbe1+ 48. Kd2 Reg1 49. Ke2 Rb1 50. Kf3 Rbf1+ 51. Ke2 Rhg1 52. Rf3 Rc1
53. Kd2 Rb1 54. Ke3 Rb2 55. Rc7 Re1+ 56. Kd3 Ree2 57. c4 Rbd2+ 58. Kc3 Rc2+ 59.
Kd3 dxc4+ 60. Rxc4 Red2+ 61. Ke3 Rxc4 62. Kxd2 Rxd4+ 63. Ke3 Ra4 64. g4 Ra3+
65. Ke4 Rxf3 66. Kxf3 e5 67. Ke4 exf4 68. Kxf4 g5+ 69. hxg5+ Kg6 70. Kf3 Kxg5
71. Kg3 g6 72. Kf3 Kh4 73. Kf4 g5+ 74. Kf5 f6 0-1

[Event "4NCL Division 3 North"]
[Site "Bolton, ENG"]
[Date "2018.02.11"]
[Round "6.36"]
[White "Gardiner, Eric D"]
[Black "Patel, Devan"]
[Result "1/2-1/2"]
[WhiteElo "1976"]
[BlackElo "1855"]
[PlyCount "62"]
[EventDate "2018.02.11"]
[WhiteTeam "Bradford DCA Knights A"]
[BlackTeam "Warwickshire Select 2"]

1. e4 Nc6 2. Nf3 d6 3. d4 Nf6 4. Nc3 Bg4 5. Be3 g6 6. h3 Bh5 7. Be2 e5 8. d5
Ne7 9. Qd2 h6 10. O-O-O g5 11. h4 g4 12. Nh2 Ng6 13. Nf1 Bg7 14. Ng3 Qc8 15.
Nf5 Kf8 16. f3 b5 17. Rdf1 b4 18. Nd1 a5 19. Nf2 gxf3 20. gxf3 a4 21. Nxg7 Kxg7
22. Rhg1 b3 23. cxb3 axb3 24. a3 c6 25. dxc6 Qxc6+ 26. Kb1 d5 27. Nd3 d4 28.
Bf2 Rhc8 29. Rc1 Qd6 30. Bg3 Rxc1+ 31. Nxc1 Ra7 1/2-1/2

[Event "4NCL Division 3 North"]
[Site "Bolton, ENG"]
[Date "2018.02.11"]
[Round "6.41"]
[White "Carpenter, Martin"]
[Black "Hurney, Kevin"]
[Result "0-1"]
[WhiteElo "2085"]
[BlackElo "2170"]
[PlyCount "76"]
[EventDate "2018.02.11"]
[WhiteTeam "Jorvik"]
[BlackTeam "Shropshire 1"]

1. e4 g6 2. d4 Bg7 3. Be3 d6 4. Nf3 c5 5. Bc4 cxd4 6. Nxd4 Nf6 7. Nc3 Nc6 8. f3
O-O 9. Qd2 Ne5 10. Bb3 Bd7 11. O-O-O Rc8 12. Kb1 Nc4 13. Bxc4 Rxc4 14. g4 a6
15. g5 Nh5 16. Nde2 b5 17. Nd5 Be6 18. Bd4 Bxd5 19. exd5 Qd7 20. Bxg7 Nxg7 21.
b3 Rc5 22. Ng3 Rfc8 23. Ne4 Rxc2 24. Qxc2 Rxc2 25. Kxc2 Nf5 26. Kb1 Kg7 27. h4
h5 28. gxh6+ Kxh6 29. h5 gxh5 30. Rdg1 f6 31. Rg8 Qb7 32. Rh8+ Kg7 33. R1xh5
Qxd5 34. R8h7+ Kf8 35. Rh8+ Kf7 36. R8h7+ Ke6 37. Rh3 Qd3+ 38. Kb2 b4 0-1

[Event "4NCL Division 3 North"]
[Site "Bolton, ENG"]
[Date "2018.02.11"]
[Round "6.42"]
[White "Whyte, Brian G"]
[Black "White, Mark W"]
[Result "1/2-1/2"]
[WhiteElo "2035"]
[BlackElo "2022"]
[PlyCount "60"]
[EventDate "2018.02.11"]
[WhiteTeam "Shropshire 1"]
[BlackTeam "Jorvik"]

1. Nf3 Nf6 2. g3 d5 3. d4 Bg4 4. Bg2 c6 5. h3 Bxf3 6. exf3 e6 7. O-O Be7 8. b3
Nbd7 9. Bb2 O-O 10. c4 dxc4 11. bxc4 Nb6 12. Nd2 Qc7 13. Qb3 Rfd8 14. Ne4 h5
15. h4 Nbd7 16. Rac1 Qb6 17. Qc2 Nxe4 18. fxe4 Nf6 19. Rfd1 Rd7 20. Rd3 Rad8
21. Rcd1 a5 22. Bc3 Qa6 23. Ba1 Ne8 24. d5 cxd5 25. exd5 Nf6 26. dxe6 Qxe6 27.
Rxd7 Rxd7 28. Rxd7 Qxd7 29. Bxf6 Bxf6 30. Bf3 g6 1/2-1/2

[Event "4NCL Division 3 North"]
[Site "Bolton, ENG"]
[Date "2018.02.11"]
[Round "6.43"]
[White "Hodge, Steve R"]
[Black "Higgie, Charles L"]
[Result "1-0"]
[WhiteElo "2042"]
[BlackElo "2050"]
[PlyCount "59"]
[EventDate "2018.02.11"]
[WhiteTeam "Jorvik"]
[BlackTeam "Shropshire 1"]

1. e4 c5 2. Nc3 Nc6 3. g3 e6 4. Bg2 Nf6 5. f4 d5 6. d3 d4 7. Nce2 e5 8. Nf3 Bd6
9. O-O Bc7 10. h3 Nd7 11. Bd2 Ba5 12. Bc1 f6 13. fxe5 Ndxe5 14. Nf4 O-O 15. Nh2
c4 16. Nf3 b5 17. Nd5 Be6 18. Nxe5 fxe5 19. dxc4 bxc4 20. Qe2 Rc8 21. Rxf8+
Qxf8 22. Bg5 h6 23. Rf1 Qc5 24. Bxh6 gxh6 25. Qh5 Bxd5 26. Qg6+ Kh8 27. Qxh6+
Kg8 28. Qg6+ Kh8 29. Rf5 d3+ 30. Kh2 1-0

[Event "4NCL Division 3 North"]
[Site "Bolton, ENG"]
[Date "2018.02.11"]
[Round "6.44"]
[White "Jamieson, Ian"]
[Black "Cowan, Richard M"]
[Result "1-0"]
[WhiteElo "2102"]
[BlackElo "1866"]
[PlyCount "71"]
[EventDate "2018.02.11"]
[WhiteTeam "Shropshire 1"]
[BlackTeam "Jorvik"]

1. b4 e6 2. Bb2 Nf6 3. b5 c5 4. a4 d5 5. e3 Be7 6. Nf3 O-O 7. c4 Nbd7 8. Na3 b6
9. Be2 Bb7 10. O-O Qc7 11. Qc2 Rac8 12. Rac1 Rfd8 13. Qb1 d4 14. exd4 Bxf3 15.
Bxf3 cxd4 16. Nc2 Ne5 17. Nxd4 Rxd4 18. Bxd4 Nxf3+ 19. gxf3 Qf4 20. Bxf6 Bxf6
21. Qe4 Qxd2 22. f4 g6 23. Rfd1 Qb2 24. Rc2 Qb4 25. Rd7 Qxa4 26. Kg2 Rb8 27.
Rcd2 a6 28. Ra7 Rc8 29. Rdd7 Qxc4 30. Qxc4 Rxc4 31. Rxf7 Rxf4 32. bxa6 Rf5 33.
Rab7 Rg5+ 34. Kf3 Bd4 35. a7 Ra5 36. Rfd7 1-0

[Event "4NCL Division 3 North"]
[Site "Bolton, ENG"]
[Date "2018.02.11"]
[Round "6.45"]
[White "Flint, Martina"]
[Black "Paul, Nathanael"]
[Result "0-1"]
[WhiteElo "1846"]
[BlackElo "2005"]
[PlyCount "124"]
[EventDate "2018.02.11"]
[WhiteTeam "Jorvik"]
[BlackTeam "Shropshire 1"]

1. f4 d5 2. g3 h5 3. Nf3 h4 4. gxh4 e5 5. fxe5 Be7 6. Bg2 Bxh4+ 7. Kf1 Nh6 8.
d3 Ng4 9. Qd2 Nc6 10. d4 Nf2 11. Rg1 Ne4 12. Qd1 Rh5 13. Be3 Rf5 14. Bh3 Rxf3+
15. exf3 Bxh3+ 16. Ke2 Ng5 17. Qd2 Ne6 18. Nc3 Qd7 19. Nd1 Bf5 20. Nf2 Nxe5 21.
dxe5 d4 22. Bh6 gxh6 23. Rg8+ Ke7 24. Rxa8 Qb5+ 25. Nd3 Bxd3+ 26. cxd3 Bg5 27.
Qc2 Qxe5+ 28. Kf1 Qf5 29. Kg2 Be3 30. Rf1 Nf4+ 31. Kh1 c6 32. Rxa7 Qh3 33.
Rxb7+ Kf6 34. Rf2 Qh4 35. Qxc6+ Ne6 36. Rf1 Qh3 37. Rg1 Bxg1 38. Kxg1 Qh4 39.
Qe4 Qg5+ 40. Kf2 Qd2+ 41. Qe2 Qf4 42. a4 Qxh2+ 43. Ke1 Qf4 44. a5 Qc1+ 45. Kf2
Qc6 46. Rb6 Qc7 47. Qe4 Kg7 48. b4 Qc2+ 49. Kg3 Qd1 50. f4 Qg1+ 51. Kh3 Kf8 52.
Rb8+ Ke7 53. f5 Qf1+ 54. Kg3 Qg1+ 55. Qg2 Qe1+ 56. Kg4 h5+ 57. Kh3 Nf4+ 58. Kh2
Nxg2 59. Kxg2 Qe2+ 60. Kg1 Qg4+ 61. Kh1 Qh3+ 62. Kg1 Qg3+ 0-1

[Event "4NCL Division 3 North"]
[Site "Bolton, ENG"]
[Date "2018.02.11"]
[Round "6.46"]
[White "Bryant, Richard B E"]
[Black "Anderson, Paul W"]
[Result "1/2-1/2"]
[WhiteElo "2020"]
[BlackElo "1782"]
[PlyCount "52"]
[EventDate "2018.02.11"]
[WhiteTeam "Shropshire 1"]
[BlackTeam "Jorvik"]

1. e4 e5 2. Nf3 Nf6 3. Nc3 Nc6 4. Bc4 Be7 5. a3 O-O 6. d3 d6 7. h3 h6 8. O-O
Be6 9. Nd5 Nd7 10. c3 Re8 11. d4 Bf8 12. Ba2 Kh8 13. Re1 Ne7 14. Nxe7 Bxa2 15.
Ng6+ fxg6 16. Rxa2 Qf6 17. d5 Be7 18. Be3 b6 19. Qd2 g5 20. b4 Qg6 21. Qc2 Nf6
22. Nh2 Qxe4 23. c4 Qxc2 24. Rxc2 a5 25. b5 Rf8 26. g4 Nd7 1/2-1/2

[Event "4NCL Division 3 North"]
[Site "Bolton, ENG"]
[Date "2018.02.11"]
[Round "6.51"]
[White "Kay, Lee P"]
[Black "Maydew, Simon"]
[Result "1/2-1/2"]
[WhiteElo "2050"]
[BlackElo "1817"]
[PlyCount "91"]
[EventDate "2018.02.11"]
[WhiteTeam "Manchester Manticores 2"]
[BlackTeam "Shropshire 2"]

1. e4 d5 2. d4 dxe4 3. Nc3 Nf6 4. f3 exf3 5. Nxf3 g6 6. Bc4 Bg7 7. O-O O-O 8.
Qe1 Bf5 9. Qh4 Nc6 10. h3 Na5 11. Be2 Nc6 12. Bc4 Na5 13. Bd3 Bxd3 14. cxd3 Nc6
15. Ne2 Nb4 16. Bh6 Nbd5 17. Ng5 a5 18. Nc3 Nh5 19. Bxg7 Kxg7 20. Rxf7+ Rxf7
21. Ne6+ Kg8 22. Nxd8 Rxd8 23. Rf1 Nhf4 24. g3 g5 25. Qxg5+ Rg7 26. gxf4 Rxg5+
27. fxg5 Nb4 28. Rf4 Nxd3 29. Re4 Kf7 30. b3 Nb4 31. Kf2 c6 32. Kf3 Nd5 33. Ne2
b5 34. Kg4 Rg8 35. Re5 a4 36. bxa4 bxa4 37. Nf4 Nc3 38. a3 Nb5 39. Ne2 Ra8 40.
Re3 Rd8 41. Kh5 Rd6 42. h4 Kf8 43. Nf4 Kf7 44. Ne2 Kf8 45. Nf4 Kf7 46. Ne2
1/2-1/2

[Event "4NCL Division 3 North"]
[Site "Bolton, ENG"]
[Date "2018.02.11"]
[Round "6.52"]
[White "Lewis, Christopher D"]
[Black "Timson, Paul F"]
[Result "1-0"]
[WhiteElo "1892"]
[BlackElo "1952"]
[PlyCount "69"]
[EventDate "2018.02.11"]
[WhiteTeam "Shropshire 2"]
[BlackTeam "Manchester Manticores 2"]

1. e4 c5 2. Nf3 Nc6 3. d4 cxd4 4. Nxd4 e5 5. Nb5 d6 6. N1c3 a6 7. Na3 Nf6 8.
Bg5 Be7 9. Bxf6 Bxf6 10. Nc4 Nd4 11. Nd5 b5 12. Nce3 Bb7 13. c3 Ne6 14. a4 O-O
15. axb5 axb5 16. Bxb5 Bg5 17. Rxa8 Bxa8 18. Nc4 Bxd5 19. exd5 Nf4 20. O-O e4
21. Bc6 Qc7 22. b4 Nd3 23. Qg4 Qe7 24. Qd7 Qxd7 25. Bxd7 Bf6 26. b5 Bxc3 27. b6
Bd4 28. b7 Rb8 29. Bc8 Kf8 30. Na5 e3 31. fxe3 Bxe3+ 32. Kh1 Nf2+ 33. Rxf2 Bxf2
34. Nc6 Ba7 35. Nxa7 1-0